Statystyki dla Słówka po angielsku

Kliknij tutaj aby rozwiązać quiz!

Ogólne statystyki

  • Ten quiz został rozwiązany 3 razy
  • Średni wynik to 4 z 15

Statystyki odpowiedzi

HintOdpowiedź% Poprawnych
misja kosmicznaspace mission
67%
statek kosmicznyspaceship
67%
robotykarobotics
33%
naukowyscientific
33%
wykrywacz dymusmoke detector
33%
prom kosmicznyspace shuttle
33%
stacja kosmicznaspace station
33%
turysta w przestrzeni kosmicznejspace tourist
33%
podroz kosmicznaspace travel
33%
zapisac sie w historiimake a history
0%
przynosic komus korzysciprovide benefits to sb
0%
zasobyresources
0%
zasiegnac czyjejs opinirun an idea past somebody
0%
soczewki odpornescratch resistant lenses
0%
skafander kosmicznyspacesuit
0%

Rozkład punktacji

Percentyl według liczby udzielonych odpowiedzi

Procent ludzi z każdym wynikiem

Twoja historia wyników

Nie rozwiązałeś tego quizu